| 000 | 00344nam a2200133Ia 4500 | ||
|---|---|---|---|
| 005 | 20251222151309.0 | ||
| 008 | 251222s9999||||xx |||||||||||||| ||spa|| | ||
| 020 | _a9786124126314 | ||
| 082 | _a305.800/M61 | ||
| 245 | 0 | _aDiversidad Cultural, Desarrollo y Cohesión Social | |
| 250 | _a1ra.ed | ||
| 264 | _bMinisterio de Cultura | ||
| 942 | _cLIB | ||
| 999 |
_c23289 _d23289 |
||